Compendio de derecho administrativo
Saved in:
| Hovedforfatter: | |
|---|---|
| Format: | Bog |
| Sprog: | spansk |
| Udgivet: |
Barcelona
Promociones Publicaciones Universitarias
1986
|
| Fag: | |
| Tags: |
Tilføj Tag
Ingen Tags, Vær først til at tagge denne postø!
|
MARC
| LEADER | 00000nam a2200000 a 4500 | ||
|---|---|---|---|
| 001 | UCV3552 | ||
| 003 | CL-VaPUC | ||
| 008 | 930827e19860000SP |||||||||||||||||spa|d | ||
| 082 | 0 | 4 | |a 342 |b BAR |2 21 |
| 100 | 0 | |a Barrachina Juan, Eduardo |e author |9 297792 | |
| 245 | 1 | 0 | |a Compendio de derecho administrativo |
| 300 | |a 3 v | ||
| 942 | |c BK | ||
| 945 | |d 19930827 00:00:00 | ||
| 260 | |a Barcelona |b Promociones Publicaciones Universitarias |c 1986 | ||
| 650 | 0 | |a Derecho administrativo |9 254851 | |
| 651 | 0 | |a España |9 254926 | |
| 583 | |a last modification |c 19930827 00:00:00 |k Rodrigo Vera | ||
| 999 | |c 210716 |d 210714 | ||
| 952 | |0 0 |1 0 |4 0 |6 342_000000000000000_BAR_1986 |7 0 |8 A |9 187169 |a BIBDER |b BIBDER |d 2019-11-14 |h v.1 |i 2548666 |o 342 BAR 1986 |p 2548666 |r 2019-11-14 |w 2019-11-14 |y BK |k DER | ||
| 952 | |0 0 |1 0 |4 0 |6 342_000000000000000_BAR_1986 |7 0 |8 A |9 187170 |a BIBDER |b BIBDER |d 2019-11-14 |h v.2 |i 2548674 |o 342 BAR 1986 |p 2548674 |r 2019-11-14 |w 2019-11-14 |y BK |k DER | ||
| 952 | |0 0 |1 0 |4 0 |6 342_000000000000000_BAR_1986 |7 0 |8 A |9 187171 |a BIBDER |b BIBDER |d 2019-11-14 |h v.3 |i 2548682 |o 342 BAR 1986 |p 2548682 |r 2019-11-14 |w 2019-11-14 |y BK |k DER | ||